[Event "1.Spand. W-Open 2015"]
[Site "Berlin"]
[Date "2015.12.30"]
[Round "7.17"]
[White "Schulz, Michael"]
[Black "Lischeid, Kilian"]
[Result "1-0"]
[WhiteElo "2180"]
[BlackElo "1706"]
[PlyCount "53"]
[EventDate "2015.??.??"]
[WhiteTeam "SC Empor Potsdam 1952 e.V."]
[BlackTeam "Schachunion Berlin e.V."]

1. d4 e6 2. c3 d5 3. Nf3 Nf6 4. Bg5 Nbd7 5. Nbd2 Be7 6. e3 O-O 7. Bd3 c5 8. h4
c4 9. Bc2 b5 10. Bxf6 Nxf6 11. Ne5 Bb7 12. Qf3 Qc7 13. g4 Bd6 14. g5 Bxe5 15.
gxf6 Bxf6 16. O-O-O e5 17. Rdg1 Qe7 18. Qf5 g6 19. h5 e4 20. f3 Rae8 21. fxe4
dxe4 22. Qxb5 Rc8 23. Qf5 Rfe8 24. Ba4 Red8 25. hxg6 fxg6 26. Rxh7 Qxh7 27.
Qxf6 1-0

[Event "1.Spand. W-Open 2015"]
[Site "Berlin"]
[Date "2015.12.30"]
[Round "7.19"]
[White "Leyrer, Thomas"]
[Black "Reck, Jessica"]
[Result "1-0"]
[WhiteElo "1868"]
[BlackElo "1659"]
[PlyCount "61"]
[EventDate "2015.??.??"]
[WhiteTeam "SV Königsjäger Süd-West e.V."]
[BlackTeam "VfB Hermsdorf e.V."]

1. d4 Nf6 2. c4 g6 3. f3 Bg7 4. e4 d6 5. Nc3 O-O 6. Be3 Nc6 7. Bd3 e5 8. d5 Nd4
9. Nge2 Nh5 10. Qd2 a6 11. O-O f5 12. Bg5 Qe8 13. Nxd4 exd4 14. Ne2 c5 15. dxc6
bxc6 16. c5 Qe5 17. cxd6 f4 18. Be7 Re8 19. Bc4+ Be6 20. Bxe6+ Qxe6 21. Nxd4
Qc4 22. Rfd1 Bf6 23. Bxf6 Nxf6 24. Qxf4 Nd7 25. b3 Qc5 26. Rac1 Qa7 27. Kh1 c5
28. Nc6 Qb7 29. Ne7+ Kg7 30. e5 Rf8 31. Qe3 1-0

[Event "1.Spand. W-Open 2015"]
[Site "Berlin"]
[Date "2015.12.30"]
[Round "7.20"]
[White "Gericke, Nicholas"]
[Black "Warnke, Klaus"]
[Result "1-0"]
[WhiteElo "1646"]
[BlackElo "1700"]
[PlyCount "29"]
[EventDate "2015.??.??"]
[WhiteTeam "SC Caissa Falkensee e.V."]
[BlackTeam "Ohtmisser SV"]

1. e4 c5 2. c3 d5 3. exd5 Qxd5 4. d4 cxd4 5. cxd4 Nc6 6. Nf3 Bg4 7. Nc3 Qd7 8.
d5 O-O-O 9. dxc6 Qxc6 10. Qe2 e5 11. Nxe5 Bxe2 12. Nxc6 Bxf1 13. Nxd8 Bxg2 14.
Nxf7 Bxh1 15. Nxh8 1-0

[Event "1.Spand. W-Open 2015"]
[Site "Berlin"]
[Date "2015.12.30"]
[Round "7.18"]
[White "Gude, Michael"]
[Black "Francke, Jörg"]
[Result "0-1"]
[WhiteElo "1732"]
[BlackElo "1985"]
[PlyCount "136"]
[EventDate "2015.??.??"]
[WhiteTeam "SF Fürth 1951 e.V."]
[BlackTeam "SC Weisse Dame e.V."]

1. e4 e5 2. Nf3 Nf6 3. Nxe5 d6 4. Nf3 Nxe4 5. d4 d5 6. Bd3 Be7 7. Nbd2 Nxd2 8.
Bxd2 O-O 9. O-O Nd7 10. Re1 Nf6 11. h3 Bd7 12. a3 Re8 13. Ne5 Be6 14. Bg5 h6
15. Bh4 Nh7 16. Bg3 Qc8 17. b3 a6 18. a4 c5 19. dxc5 Bxc5 20. c3 Qd8 21. Qc2
Nf8 22. Rad1 Rc8 23. Qb2 Qg5 24. b4 Ba7 25. b5 Bc5 26. bxa6 bxa6 27. Kf1 Rb8
28. Qc2 Ra8 29. Nf3 Qd8 30. c4 Qa5 31. Rc1 Rec8 32. Be5 Bb4 33. Re2 dxc4 34.
Be4 Ra7 35. Bd4 Rd7 36. Bc3 Bxc3 37. Qxc3 Rd1+ 38. Re1 Rxe1+ 39. Nxe1 Qxa4 40.
Bc2 Qd7 41. Ra1 Qb7 42. Qa5 Ra8 43. Rb1 Qd5 44. Qa3 Nd7 45. f3 Nc5 46. Qa1 Rc8
47. Rd1 Qc6 48. Qd4 Qc7 49. Qd6 Qxd6 50. Rxd6 Kf8 51. Ke2 Ke7 52. Rb6 Kd7 53.
Kd2 Kc7 54. Rb1 Rb8 55. Rxb8 Kxb8 56. Kc3 Kb7 57. Kb4 Kb6 58. Bb1 a5+ 59. Kc3
Na4+ 60. Kd4 Nc5 61. f4 f6 62. Nf3 a4 63. Kc3 Bd5 64. Nd2 Kb5 65. g4 Nb3 66. h4
Nxd2 67. Kxd2 g5 68. Kc3 a3 0-1